000 00693nam a2200241 i 4500
001 140985
003 ES-MaACL
005 20230906200209.0
007 t|
008 070918s1959 sp ||||1| spa d
080 _a639.2.081
100 1 _aYoung, Alan.
_9117679
245 1 0 _aCebos de mar /
_cAlan Young ; [traducción de E. Calsina].
260 _aBarcelona :
_bHispano Europea,
_c[1959] (
_fImp. Moderna)
300 _a97 p. ;
_c16 cm.
490 1 _aHerakles
500 _aTraducción de: Lea fishing baits.
650 1 4 _aCebos para pesca.
_910864
700 1 _aCalsina, E.
_933788
830 0 _aHerakles
_9180867
852 _aES-MaACL
_jC-16727
_bR.44636
999 _c140985
_d140985